000
00347 a2200121 4500
001
ART_2082
005
20260410161722.0
008
260409a
245
1
0
_a
Informática
100
1
_a
Tesoro, José Luis
700
1
_a
Saroka, Raúl Horacio
773
0
_t
Administración de empresas
_g
- Año XVII, Nº 201 (dic. 1986)
_w
REV2036
999
_c
17099
_d
17099